| 000 | 00582nam a22001815i 4500 | ||
|---|---|---|---|
| 001 | 162878 | ||
| 003 | ES-MaACL | ||
| 005 | 20230906212624.0 | ||
| 008 | 050706s1882 fr |||| | fre d | ||
| 040 |
_aCAM _bspa _cCAM |
||
| 100 | 1 |
_aRacot, Adolphe. _9131555 |
|
| 245 | 1 | 3 |
_aLa maitresse invisible / _cpar Adolphe Racot. |
| 260 |
_aParis : _bE. Dentu, _c1882 ( _eChatillon-sur-Seine : _fImprimerie générale) |
||
| 300 |
_a316 p. ; _c18 cm. |
||
| 752 |
_aFrancia - _dParís |
||
| 752 |
_aFrancia - _dChatillon-sur-Seine |
||
| 852 |
_aES-MaACL _jG-8031 _z-- Enc. pasta española |
||
| 999 |
_c162878 _d162878 |
||